[Event "37. Copenhagen Open (Politiken Cup)"]
[Site "Elsinore"]
[Date "2015.07.25"]
[Round "1"]
[White "Tryggestad, Andreas Garberg"]
[Black "Torkilseng, Runar"]
[Result "1-0"]
[WhiteElo "2204"]
[BlackElo "1792"]
[PlyCount "105"]
[EventDate "2015.07.25"]
[EventType "swiss"]
[EventRounds "10"]
[EventCountry "DEN"]
[Source "ChessBase"]
[SourceDate "2015.09.14"]

1. e4 c6 2. Nc3 d5 3. Nf3 dxe4 4. Nxe4 Bf5 5. Ng3 Bg4 6. Bc4 e6 7. d3 Nf6 8. h3
Bxf3 9. Qxf3 Be7 10. Bd2 Nbd7 11. Bc3 O-O 12. O-O Nd5 13. Bd4 Bf6 14. Bxf6 Qxf6
15. Qxf6 N7xf6 16. Rae1 Rad8 17. f4 g6 18. Bb3 Kg7 19. Ne4 Nxe4 20. dxe4 Nb6
21. f5 e5 22. Rd1 f6 23. Be6 Na4 24. fxg6 hxg6 25. Bg4 Nc5 26. Bf3 Ne6 27. c3
Ng5 28. Kf2 Kf7 29. Ke3 Ke7 30. Bg4 b6 31. a4 Rxd1 32. Bxd1 Rd8 33. Bc2 Ne6 34.
g3 Rh8 35. Rh1 Ng7 36. h4 f5 37. Kf3 Ke6 38. Bb3+ Ke7 39. g4 f4 40. Bc4 Kf6 41.
b4 Ke7 42. b5 c5 43. Bd5 Rh6 44. Kg2 g5 45. h5 Ne8 46. Kf3 Nc7 47. Bc6 Ne8 48.
a5 Nd6 49. Ra1 Nc4 50. axb6 axb6 51. Ra7+ Kf8 52. Bd5 Na5 53. Rf7+ 1-0

[Event "37. Copenhagen Open (Politiken Cup)"]
[Site "Elsinore"]
[Date "2015.07.25"]
[Round "1"]
[White "Tryggestad, Linnea Garberg"]
[Black "Jensen, Tobias Ilsoe"]
[Result "0-1"]
[WhiteElo "1422"]
[BlackElo "2014"]
[PlyCount "86"]
[EventDate "2015.07.25"]
[EventType "swiss"]
[EventRounds "10"]
[EventCountry "DEN"]
[Source "ChessBase"]
[SourceDate "2015.09.14"]

1. d4 c5 2. d5 e5 3. e4 d6 4. Ne2 g6 5. c4 Bg7 6. Nbc3 f5 7. f3 Nf6 8. Bg5 O-O
9. g3 Nbd7 10. Bg2 h6 11. Bxf6 Nxf6 12. O-O a6 13. a4 Bd7 14. Rb1 Qc7 15. Qd2
Kh7 16. Kh1 Rae8 17. b4 fxe4 18. fxe4 cxb4 19. Rxb4 Ng4 20. Rxf8 Rxf8 21. Nd1
a5 22. Rb1 Bxa4 23. h3 Nf2+ 24. Nxf2 Rxf2 25. Qe1 Rf7 26. Qc3 Be8 27. Bf3 h5
28. g4 hxg4 29. Bxg4 Bh6 30. Be6 Rf2 31. Qe1 Rf6 32. Rb2 b6 33. Rc2 Bd7 34.
Bxd7 Qxd7 35. Rc3 Qf7 36. Ng3 Rf3 37. Rxf3 Qxf3+ 38. Kh2 Bf4 39. Qg1 a4 40. h4
Qxg3+ 41. Qxg3 Bxg3+ 42. Kxg3 a3 43. Kf3 a2 0-1

[Event "37. Copenhagen Open (Politiken Cup)"]
[Site "Elsinore"]
[Date "2015.07.25"]
[Round "1"]
[White "Undheim, Bjarne"]
[Black "Semcesen, Daniel"]
[Result "1/2-1/2"]
[WhiteElo "1899"]
[BlackElo "2437"]
[PlyCount "69"]
[EventDate "2015.07.25"]
[EventType "swiss"]
[EventRounds "10"]
[EventCountry "DEN"]
[Source "ChessBase"]
[SourceDate "2015.09.14"]

1. e4 e5 2. Nf3 Nc6 3. d4 exd4 4. Bc4 g6 5. Bg5 Be7 6. Bxe7 Qxe7 7. O-O Qc5 8.
Qe2 Nge7 9. Nbd2 d6 10. Nb3 Qb6 11. Qd2 Ne5 12. Nxe5 dxe5 13. Qh6 Be6 14. Bxe6
Qxe6 15. f4 O-O-O 16. fxe5 Nc6 17. Rf6 Qe7 18. Raf1 Nxe5 19. Qd2 Kb8 20. Qa5 b6
21. Qb5 Rd6 22. Rxd6 Qxd6 23. Na5 c5 24. Nc4 Nxc4 25. Qxc4 f5 26. exf5 gxf5 27.
Rxf5 Re8 28. Qf1 Re7 29. Rf8+ Kb7 30. Qf3+ Ka6 31. Qa3+ Kb7 32. Qf3+ Ka6 33.
Qa3+ Kb7 34. Qf3+ Ka6 35. Qa3+ 1/2-1/2

[Event "37. Copenhagen Open (Politiken Cup)"]
[Site "Elsinore"]
[Date "2015.07.25"]
[Round "1"]
[White "Veng, Johny"]
[Black "Frederiksen Kristian, Pade"]
[Result "1-0"]
[WhiteElo "2294"]
[BlackElo "1839"]
[PlyCount "55"]
[EventDate "2015.07.25"]
[EventType "swiss"]
[EventRounds "10"]
[EventCountry "DEN"]
[Source "ChessBase"]
[SourceDate "2015.09.14"]

1. d4 Nf6 2. c4 g6 3. Nf3 Bg7 4. g3 O-O 5. Bg2 d6 6. O-O Nc6 7. d5 Ne5 8. Nxe5
dxe5 9. Nc3 Bd7 10. Qb3 Qc8 11. Rd1 Bh3 12. Bh1 Nd7 13. Qb4 Re8 14. c5 a5 15.
Qc4 c6 16. Be3 Nf6 17. Rac1 Rd8 18. Bg5 h6 19. Bxf6 Bxf6 20. Na4 Ra6 21. Nb6
Rxb6 22. cxb6 Bg5 23. e3 Bg4 24. Re1 Qf5 25. dxc6 Rd2 26. Qf1 bxc6 27. b7 Rxb2
28. Rb1 1-0

[Event "37. Copenhagen Open (Politiken Cup)"]
[Site "Elsinore"]
[Date "2015.07.25"]
[Round "1"]
[White "Vestjord, Harald Christian"]
[Black "Hansen, Max"]
[Result "0-1"]
[WhiteElo "1473"]
[BlackElo "2025"]
[PlyCount "78"]
[EventDate "2015.07.25"]
[EventType "swiss"]
[EventRounds "10"]
[EventCountry "DEN"]
[Source "ChessBase"]
[SourceDate "2015.09.14"]

1. d4 Nf6 2. c4 c5 3. d5 e5 4. Nc3 d6 5. e4 Be7 6. Bd3 Nbd7 7. Nge2 O-O 8. O-O
Ne8 9. Ng3 Bg5 10. Qc2 a6 11. Bxg5 Qxg5 12. Nd1 Rb8 13. a4 g6 14. Ne3 h5 15.
Ne2 Ng7 16. g3 h4 17. Ng2 hxg3 18. Nxg3 Nf6 19. h4 Qg4 20. Be2 Qh3 21. Qd3 Bg4
22. Ne3 Bxe2 23. Qxe2 Qxh4 24. Ng2 Qh3 25. Ne3 Ngh5 26. Qf3 Nf4 27. Qh1 Kg7 28.
Qxh3 Nxh3+ 29. Kh2 Nf4 30. Ng2 Rh8+ 31. Kg1 Nh3+ 32. Kh2 Nxf2+ 33. Kg1 N2xe4
34. Nxe4 Nxe4 35. Rfe1 f5 36. Kf1 Nd2+ 37. Kf2 Nxc4 38. b3 Nd2 39. Re3 Ne4+ 0-1

[Event "37. Copenhagen Open (Politiken Cup)"]
[Site "Elsinore"]
[Date "2015.07.25"]
[Round "1"]
[White "Videbaek, Kurt"]
[Black "Karlsson, Ulf"]
[Result "0-1"]
[WhiteElo "1563"]
[BlackElo "2041"]
[PlyCount "58"]
[EventDate "2015.07.25"]
[EventType "swiss"]
[EventRounds "10"]
[EventCountry "DEN"]
[Source "ChessBase"]
[SourceDate "2015.09.14"]

1. d4 d5 2. Nf3 e6 3. c4 c5 4. e3 Nf6 5. cxd5 exd5 6. Bb5+ Bd7 7. Bxd7+ Nbxd7
8. dxc5 Bxc5 9. O-O O-O 10. Nc3 Nb6 11. a3 Rc8 12. Na4 Bd6 13. Bd2 Nc4 14. b4
Qe7 15. Bc3 b5 16. Nb2 Ne4 17. Bd4 Rfd8 18. Nd3 g5 19. Be5 Bxe5 20. Nfxe5 Nxe5
21. Nc5 Nxc5 22. bxc5 Rxc5 23. Qh5 Ng6 24. f4 Qxe3+ 25. Kh1 gxf4 26. Rae1 Qd4
27. Rf3 Rc3 28. Qg5 Rdc8 29. Rxf4 Qxf4 0-1

[Event "37. Copenhagen Open (Politiken Cup)"]
[Site "Elsinore"]
[Date "2015.07.25"]
[Round "1"]
[White "Wadstensvik, Petter Andreas"]
[Black "De Strycker, Nathan"]
[Result "0-1"]
[WhiteElo "1658"]
[BlackElo "2097"]
[PlyCount "36"]
[EventDate "2015.07.25"]
[EventType "swiss"]
[EventRounds "10"]
[EventCountry "DEN"]
[Source "ChessBase"]
[SourceDate "2015.09.14"]

1. d4 Nf6 2. Nf3 g6 3. Bf4 Bg7 4. e3 d6 5. Bd3 O-O 6. Nbd2 Nbd7 7. h4 Qe8 8.
Bg3 e5 9. dxe5 dxe5 10. Ne4 Nxe4 11. Bxe4 Nc5 12. Qd5 Nxe4 13. Qxe4 Qb5 14. Qd3
Qxb2 15. O-O Re8 16. Rfb1 e4 17. Qc4 Qc3 18. Qa4 b5 0-1

[Event "37. Copenhagen Open (Politiken Cup)"]
[Site "Elsinore"]
[Date "2015.07.25"]
[Round "1"]
[White "Weishaeutel, Moritz"]
[Black "Rasmussen, Allan Stig"]
[Result "0-1"]
[WhiteElo "1926"]
[BlackElo "2502"]
[PlyCount "56"]
[EventDate "2015.07.25"]
[EventType "swiss"]
[EventRounds "10"]
[EventCountry "DEN"]
[Source "ChessBase"]
[SourceDate "2015.09.14"]

1. e4 c6 2. Nf3 d5 3. Nc3 Nf6 4. e5 Ne4 5. Be2 Nxc3 6. dxc3 Bg4 7. O-O e6 8. h3
Bxf3 9. Bxf3 Nd7 10. Re1 g6 11. Bf4 Bg7 12. Qe2 O-O 13. Rad1 Qb6 14. c4 Rfe8
15. b3 Qb4 16. Bg3 Nb6 17. cxd5 exd5 18. Qd2 Qa3 19. e6 fxe6 20. Bg4 e5 21. Qg5
Qe7 22. Qxe7 Rxe7 23. a4 h5 24. Be2 a5 25. Bd3 Kf7 26. Re3 Bf6 27. Rde1 Rae8
28. c4 e4 0-1

[Event "37. Copenhagen Open (Politiken Cup)"]
[Site "Elsinore"]
[Date "2015.07.25"]
[Round "1"]
[White "Westerlund, Ola"]
[Black "Jacobsen, Mikkel Manosri"]
[Result "0-1"]
[WhiteElo "1869"]
[BlackElo "2370"]
[PlyCount "90"]
[EventDate "2015.07.25"]
[EventType "swiss"]
[EventRounds "10"]
[EventCountry "DEN"]
[Source "ChessBase"]
[SourceDate "2015.09.14"]

1. d4 d5 2. c4 c6 3. Nf3 Nf6 4. Nbd2 Bf5 5. Nh4 Be6 6. e3 g6 7. Qc2 Bg7 8. Bd3
Nbd7 9. c5 Qc7 10. f4 Ng4 11. Ndf3 Nf8 12. Bd2 Bd7 13. h3 Nf6 14. Ne5 Ne6 15.
Nhf3 Nd8 16. b4 Qc8 17. a4 Bf5 18. b5 Bxd3 19. Nxd3 Ne4 20. O-O O-O 21. Be1 Ne6
22. Rb1 f6 23. Nd2 Nxd2 24. Qxd2 Nd8 25. Bg3 Nf7 26. Rb3 e5 27. fxe5 fxe5 28.
bxc6 bxc6 29. Nf2 Qa6 30. Rb4 Rae8 31. Rfb1 exd4 32. exd4 Nh6 33. Nd3 Re4 34.
Be5 Nf5 35. Bxg7 Kxg7 36. Ne5 Ne3 37. Qd3 Qxd3 38. Nxd3 a5 39. Rb7+ Kh6 40. Rc7
Rxd4 41. Ne5 Rd2 42. g4 Kg5 43. Rxh7 Rg2+ 44. Kh1 Rff2 45. h4+ Kf6 0-1

[Event "37. Copenhagen Open (Politiken Cup)"]
[Site "Elsinore"]
[Date "2015.07.25"]
[Round "1"]
[White "Wiberg, Jonas"]
[Black "Haug, Johannes"]
[Result "0-1"]
[WhiteElo "1805"]
[BlackElo "2236"]
[PlyCount "58"]
[EventDate "2015.07.25"]
[EventType "swiss"]
[EventRounds "10"]
[EventCountry "DEN"]
[Source "ChessBase"]
[SourceDate "2015.09.14"]

1. d4 f5 2. g3 g6 3. c4 Bg7 4. Bg2 Nf6 5. Nc3 d6 6. Nf3 O-O 7. O-O Qe8 8. Qc2
e5 9. dxe5 dxe5 10. e3 e4 11. Nd4 Nc6 12. Nxc6 Qxc6 13. b3 Be6 14. Bb2 Bf7 15.
Rfd1 a6 16. Rac1 Rfb8 17. Ne2 Qe8 18. Bd4 Rd8 19. Qb2 Qe7 20. Rd2 c5 21. Bc3
Rxd2 22. Qxd2 b5 23. cxb5 axb5 24. Rd1 b4 25. Ba1 Qa7 26. Nc1 Nd5 27. Bxg7 Kxg7
28. Qb2+ Nc3 29. Ne2 Qxa2 0-1

[Event "37. Copenhagen Open (Politiken Cup)"]
[Site "Elsinore"]
[Date "2015.07.25"]
[Round "1"]
[White "Winfridsson, Hakan"]
[Black "Halse, Iver"]
[Result "1-0"]
[WhiteElo "2038"]
[BlackElo "1560"]
[PlyCount "67"]
[EventDate "2015.07.25"]
[EventType "swiss"]
[EventRounds "10"]
[EventCountry "DEN"]
[Source "ChessBase"]
[SourceDate "2015.09.14"]

1. e4 c6 2. Nf3 d5 3. exd5 cxd5 4. Ne5 Nf6 5. d4 Bd7 6. Bd3 Nc6 7. c3 e6 8. Qe2
Bd6 9. f4 Qe7 10. O-O g6 11. Nd2 Nh5 12. Ndf3 f6 13. Nxc6 Bxc6 14. g3 O-O 15.
Bd2 Rfe8 16. Rae1 a6 17. Rf2 Qf7 18. Ne5 Bxe5 19. fxe5 f5 20. Qd1 Qd7 21. Be2
Ng7 22. h4 Bb5 23. Bf3 Qf7 24. Bg5 Rf8 25. Bh6 Rfe8 26. Rh2 Re7 27. Kf2 Rc8 28.
h5 Be8 29. hxg6 Qxg6 30. Reh1 Rcc7 31. Bf4 Bb5 32. Rh6 Qe8 33. Rxh7 Qc6 34.
Rh8+ 1-0

[Event "37. Copenhagen Open (Politiken Cup)"]
[Site "Elsinore"]
[Date "2015.07.25"]
[Round "1"]
[White "Zyde, Fadmal"]
[Black "Laustsen, Lars"]
[Result "0-1"]
[WhiteElo "1667"]
[BlackElo "2098"]
[PlyCount "42"]
[EventDate "2015.07.25"]
[EventType "swiss"]
[EventRounds "10"]
[EventCountry "DEN"]
[Source "ChessBase"]
[SourceDate "2015.09.14"]

1. e4 c5 2. Nf3 Nc6 3. Nc3 g6 4. d4 cxd4 5. Nxd4 Bg7 6. Nxc6 bxc6 7. Qf3 Rb8 8.
Bc4 e6 9. Bf4 Rb4 10. Bb3 d5 11. exd5 cxd5 12. O-O-O Rxf4 13. Rxd5 exd5 14.
Re1+ Be6 15. Qd3 Ne7 16. Qb5+ Kf8 17. Qc5 Qb6 18. Qa3 Qxf2 19. Rd1 Rd4 20. Rh1
Qxg2 21. Re1 Qd2+ 0-1

[Event "37. Copenhagen Open (Politiken Cup)"]
[Site "Elsinore"]
[Date "2015.07.26"]
[Round "2"]
[White "Adan Bermudez, Sergio"]
[Black "Jacobsen, Fredrik Beer"]
[Result "1-0"]
[WhiteElo "2402"]
[BlackElo "2071"]
[PlyCount "97"]
[EventDate "2015.07.25"]
[EventType "swiss"]
[EventRounds "10"]
[EventCountry "DEN"]
[Source "ChessBase"]
[SourceDate "2015.09.14"]

1. Nf3 Nf6 2. c4 e6 3. g3 Be7 4. Bg2 O-O 5. O-O d5 6. b3 Nbd7 7. Bb2 c6 8. Qc2
b6 9. d3 Bb7 10. e4 c5 11. e5 Ne8 12. Qe2 d4 13. Bc1 Qc7 14. Bf4 g5 15. Nxg5
Bxg2 16. Kxg2 Bxg5 17. Bxg5 Nxe5 18. f4 Ng6 19. Bh6 Ng7 20. Nd2 Nf5 21. Bxf8
Ne3+ 22. Kg1 Nxf1 23. Rxf1 Rxf8 24. Qh5 f6 25. Ne4 Qf7 26. f5 Ne5 27. Qh4 Nd7
28. Qg4+ Qg7 29. Qxg7+ Kxg7 30. fxe6 Ne5 31. e7 Re8 32. Nd6 Rxe7 33. Nf5+ Kf7
34. Nxe7 Kxe7 35. Rd1 Ke6 36. h3 Nf3+ 37. Kf2 Ng5 38. Re1+ Kd7 39. h4 Nf7 40.
g4 Ne5 41. Rxe5 fxe5 42. Kf3 Ke6 43. Ke4 Kf6 44. Kd5 h6 45. a3 a6 46. a4 a5 47.
Ke4 Ke6 48. g5 h5 49. g6 1-0

[Event "37. Copenhagen Open (Politiken Cup)"]
[Site "Elsinore"]
[Date "2015.07.26"]
[Round "2"]
[White "Andersen, Dag"]
[Black "Shehzad, Shazil"]
[Result "1/2-1/2"]
[WhiteElo "1840"]
[BlackElo "1479"]
[PlyCount "70"]
[EventDate "2015.07.25"]
[EventType "swiss"]
[EventRounds "10"]
[EventCountry "DEN"]
[Source "ChessBase"]
[SourceDate "2015.09.14"]

1. d4 Nf6 2. Nf3 e6 3. Bg5 d5 4. Nbd2 c5 5. e3 Nc6 6. c3 Bd7 7. Bd3 a6 8. Ne5
Be7 9. Ndf3 b5 10. O-O O-O 11. dxc5 Nxe5 12. Nxe5 Rc8 13. b4 Qc7 14. Bf4 Qb7
15. h3 Bc6 16. Nxc6 Qxc6 17. a4 Ra8 18. Qc2 h6 19. Ra2 Rfd8 20. Rfa1 Nh5 21.
Bh2 g6 22. Ra3 f5 23. Be5 Bf6 24. Bxf6 Nxf6 25. axb5 axb5 26. Rxa8 Rxa8 27.
Rxa8+ Qxa8 28. Bxb5 Kf7 29. Ba4 Qa7 30. Qb3 Ne4 31. Qa3 Ke7 32. c6 Kd8 33. Qb3
Qb6 34. Qc2 Kc7 35. Kh2 g5 1/2-1/2

[Event "37. Copenhagen Open (Politiken Cup)"]
[Site "Elsinore"]
[Date "2015.07.26"]
[Round "2"]
[White "Arbeus, Carl Johan"]
[Black "Thuesen, Mogens Henrik"]
[Result "0-1"]
[WhiteElo "1779"]
[BlackElo "2158"]
[PlyCount "76"]
[EventDate "2015.07.25"]
[EventType "swiss"]
[EventRounds "10"]
[EventCountry "DEN"]
[Source "ChessBase"]
[SourceDate "2015.09.14"]

1. Nf3 d5 2. d4 Nf6 3. g3 Bf5 4. Bg2 e6 5. O-O Be7 6. Nbd2 O-O 7. Ne5 c5 8. c3
Nc6 9. Ndf3 Rc8 10. Nxc6 bxc6 11. Nh4 Bg4 12. h3 Bh5 13. Bf3 cxd4 14. cxd4 Qb6
15. b3 c5 16. Be3 Bxf3 17. Nxf3 Ne4 18. Kg2 Qa5 19. Qe1 Qa6 20. dxc5 Bxc5 21.
Bd4 Bxd4 22. Nxd4 e5 23. Nf3 Rc2 24. Rc1 Rxa2 25. Qb4 Qe6 26. Ra1 Rxe2 27. Rxa7
h5 28. Re7 Qg6 29. g4 hxg4 30. Nxe5 gxh3+ 31. Kf3 Qh5+ 32. Ng4 Rb2 33. Rxe4
dxe4+ 34. Qxe4 Rxb3+ 35. Ke2 Qb5+ 36. Kd2 Rd8+ 37. Kc2 Rb2+ 38. Kc1 Rc8+ 0-1

[Event "37. Copenhagen Open (Politiken Cup)"]
[Site "Elsinore"]
[Date "2015.07.26"]
[Round "2"]
[White "Bengtsson, Tage"]
[Black "Sorensen, Bernhard W"]
[Result "1-0"]
[WhiteElo "2076"]
[BlackElo "1704"]
[PlyCount "97"]
[EventDate "2015.07.25"]
[EventType "swiss"]
[EventRounds "10"]
[EventCountry "DEN"]
[Source "ChessBase"]
[SourceDate "2015.09.14"]

1. e4 e6 2. d4 d5 3. Nd2 dxe4 4. Nxe4 Bd7 5. Nf3 Bc6 6. Bd3 Nd7 7. c4 Bb4+ 8.
Nc3 Ngf6 9. O-O O-O 10. a3 Be7 11. Re1 b6 12. Qe2 Bxf3 13. Qxf3 c5 14. d5 exd5
15. cxd5 Bd6 16. Bf4 Qb8 17. Bxd6 Qxd6 18. Rad1 Rfe8 19. Bb5 Rxe1+ 20. Rxe1 Re8
21. Rxe8+ Nxe8 22. Qf5 Nef6 23. h3 g6 24. Qg5 Kg7 25. Qd2 Nf8 26. Qd1 h6 27.
Bc4 Qf4 28. Qe2 N8d7 29. g3 Qb8 30. f4 Qd8 31. Qd3 Nb8 32. Kg2 Qc8 33. Nd1 Qe8
34. Nf2 Nbd7 35. Bb5 Qd8 36. Bc4 Nb8 37. g4 Qd6 38. Qf3 Nbd7 39. a4 Qe7 40. h4
Ng8 41. g5 hxg5 42. hxg5 f6 43. Ne4 fxg5 44. d6 Qd8 45. Qc3+ Kf8 46. Qh8 Ndf6
47. Nxf6 Qxd6 48. Qxg8+ Ke7 49. Qe8+ 1-0

[Event "37. Copenhagen Open (Politiken Cup)"]
[Site "Elsinore"]
[Date "2015.07.26"]
[Round "2"]
[White "Berg Olsen, Sebastian N"]
[Black "Rose, Dennis Lauge"]
[Result "0-1"]
[WhiteElo "1302"]
[BlackElo "1797"]
[PlyCount "68"]
[EventDate "2015.07.25"]
[EventType "swiss"]
[EventRounds "10"]
[EventCountry "DEN"]
[Source "ChessBase"]
[SourceDate "2015.09.14"]

1. e4 c5 2. Nf3 Nc6 3. d4 cxd4 4. Nxd4 e5 5. Nb5 d6 6. N1c3 a6 7. Na3 b5 8. Nd5
f5 9. Bd3 f4 10. c4 b4 11. Nc2 a5 12. O-O Nf6 13. g3 fxg3 14. fxg3 Be7 15. Nce3
O-O 16. Nf5 Bxf5 17. exf5 Rc8 18. Be3 Kh8 19. Bb6 Qd7 20. Qa4 Bd8 21. Be3 Ng4
22. Qd1 Nxe3 23. Nxe3 Bb6 24. Re1 Qe7 25. Be4 Qa7 26. Qf3 Nd4 27. Qg2 Nxf5 28.
Qh3 Bxe3+ 29. Kh1 Nh6 30. g4 Bf4 31. Rf1 Qd7 32. Rg1 Rxc4 33. Rae1 d5 34. Qd3
Rd4 0-1

[Event "37. Copenhagen Open (Politiken Cup)"]
[Site "Elsinore"]
[Date "2015.07.26"]
[Round "2"]
[White "Bernhardsson, Sten"]
[Black "Bach, Matthias"]
[Result "0-1"]
[WhiteElo "2003"]
[BlackElo "2236"]
[PlyCount "96"]
[EventDate "2015.07.25"]
[EventType "swiss"]
[EventRounds "10"]
[EventCountry "DEN"]
[Source "ChessBase"]
[SourceDate "2015.09.14"]

1. d4 Nf6 2. Nf3 d6 3. c4 g6 4. Nc3 Bg7 5. e4 O-O 6. Be2 c6 7. O-O a6 8. a4 a5
9. Bg5 Bg4 10. Qd2 Re8 11. Rad1 Na6 12. Rfe1 Qc7 13. h3 Bxf3 14. Bxf3 Nd7 15.
Bg4 Nf8 16. Qe3 e6 17. Qd2 f6 18. Be3 Rad8 19. Qc1 Qf7 20. d5 f5 21. dxe6 Nxe6
22. exf5 gxf5 23. Bf3 Nac5 24. Bxc5 dxc5 25. Rxd8 Rxd8 26. Ne2 Qf6 27. Rd1 Qxb2
28. Rxd8+ Nxd8 29. Qe3 Qa1+ 30. Kh2 Qe5+ 31. Qxe5 Bxe5+ 32. g3 Kf7 33. Nc1 Ke6
34. Nd3 Kd6 35. Bd1 Ne6 36. f4 Bg7 37. g4 Nd4 38. Kg3 b5 39. axb5 cxb5 40. cxb5
Nxb5 41. gxf5 c4 42. Nc1 Nd4 43. Kg4 c3 44. Nb3 Nxb3 45. Bxb3 Kc5 46. Kg5 Kb4
47. Bd1 a4 48. f6 Bf8 0-1

[Event "37. Copenhagen Open (Politiken Cup)"]
[Site "Elsinore"]
[Date "2015.07.26"]
[Round "2"]
[White "Berntsen Oybo, August"]
[Black "Huse, Arne Kjelsbol"]
[Result "1-0"]
[WhiteElo "1777"]
[BlackElo "1222"]
[PlyCount "43"]
[EventDate "2015.07.25"]
[EventType "swiss"]
[EventRounds "10"]
[EventCountry "DEN"]
[Source "ChessBase"]
[SourceDate "2015.09.14"]

1. Nf3 Nc6 2. d4 d5 3. Bf4 Nf6 4. e3 e6 5. c3 Be7 6. Bd3 O-O 7. Nbd2 Re8 8. Ne5
Nxe5 9. dxe5 Nd7 10. Qg4 g6 11. Nf3 Bf8 12. Bg5 Be7 13. Bh6 b6 14. h4 Kh8 15.
h5 Rg8 16. hxg6 fxg6 17. Qh3 Qe8 18. Bg5 Qf7 19. Qh4 Bxg5 20. Nxg5 Qe7 21.
Qxh7+ Qxh7 22. Rxh7# 1-0

[Event "37. Copenhagen Open (Politiken Cup)"]
[Site "Elsinore"]
[Date "2015.07.26"]
[Round "2"]
[White "Biasi, Grace"]
[Black "Bering, Anders"]
[Result "1/2-1/2"]
[WhiteElo "1649"]
[BlackElo "1996"]
[PlyCount "102"]
[EventDate "2015.07.25"]
[EventType "swiss"]
[EventRounds "10"]
[EventCountry "DEN"]
[Source "ChessBase"]
[SourceDate "2015.09.14"]

1. e4 c5 2. d3 e6 3. f4 Nc6 4. Nf3 d5 5. Nbd2 Nf6 6. Be2 a6 7. O-O b5 8. Re1
Be7 9. e5 Nd7 10. Nf1 Bb7 11. Ng3 Qc7 12. Bd2 h5 13. Ng5 h4 14. Nh5 Bxg5 15.
fxg5 O-O-O 16. Bg4 g6 17. Nf6 Nxf6 18. exf6 Nd4 19. c3 Nf5 20. d4 cxd4 21. Bxf5
gxf5 22. cxd4 Kd7 23. Rc1 Qb6 24. Bb4 Rc8 25. Rxc8 Rxc8 26. Qd2 Rc4 27. Bc5 Qc7
28. g6 Rxc5 29. g7 Rc2 30. Qe3 Qd8 31. Qg5 Qg8 32. Qxh4 b4 33. Qh8 Rc8 34. Qxg8
Rxg8 35. Rc1 e5 36. dxe5 d4 37. h4 Ke6 38. Rc7 Kxe5 39. Rxf7 d3 40. Rxb7 Kxf6
41. Rd7 Rxg7 42. Rxd3 Rg4 43. h5 Kg5 44. Rd6 Kxh5 45. Rxa6 Rc4 46. Rb6 Kg4 47.
Kh2 f4 48. Rb7 Rd4 49. Rg7+ Kf5 50. Kh3 Rd3+ 51. Kh4 Rd2 1/2-1/2

[Event "37. Copenhagen Open (Politiken Cup)"]
[Site "Elsinore"]
[Date "2015.07.26"]
[Round "2"]
[White "Bijlsma, Nick"]
[Black "Lobersli, Henrik Oie"]
[Result "1-0"]
[WhiteElo "2298"]
[BlackElo "2034"]
[PlyCount "117"]
[EventDate "2015.07.25"]
[EventType "swiss"]
[EventRounds "10"]
[EventCountry "DEN"]
[Source "ChessBase"]
[SourceDate "2015.09.14"]

1. e4 e5 2. Nf3 Nc6 3. Bb5 f5 4. d3 fxe4 5. dxe4 Nf6 6. O-O Bc5 7. Qd3 d6 8.
Qc4 Qe7 9. Nc3 Bd7 10. Nd5 Nxd5 11. exd5 Nd4 12. Bxd7+ Qxd7 13. Nxd4 Bxd4 14.
Be3 Bxe3 15. fxe3 O-O-O 16. Rf3 Rdf8 17. Raf1 Qe7 18. Qg4+ Kd8 19. Rxf8+ Rxf8
20. Rxf8+ Qxf8 21. Qh4+ Qf6 22. Qxh7 e4 23. Qxe4 Qxb2 24. Qh4+ Kd7 25. Qg4+ Kd8
26. Qg5+ Ke8 27. Qg6+ Kd8 28. h4 a5 29. Qg5+ Ke8 30. Qf5 Kd8 31. Qf8+ Kd7 32.
Qf7+ Kd8 33. Qg8+ Ke7 34. Qe6+ Kd8 35. h5 a4 36. Qg8+ Ke7 37. Qe6+ Kd8 38. c4
a3 39. Kh2 Qxa2 40. Qg8+ Ke7 41. Qxg7+ Ke8 42. h6 Qf2 43. Qg8+ Ke7 44. Qe6+ Kf8
45. Qc8+ Kf7 46. Qxc7+ Kg6 47. Qxd6+ Kh5 48. Qe5+ Kxh6 49. Qh8+ Kg5 50. Qg7+
Kh5 51. Qh7+ Kg5 52. d6 a2 53. d7 Qf6 54. Qg8+ Kh5 55. g4+ Kh4 56. d8=Q a1=Q
57. Qh8+ Kxg4 58. Qdxf6 Qa2+ 59. Qb2 1-0

[Event "37. Copenhagen Open (Politiken Cup)"]
[Site "Elsinore"]
[Date "2015.07.26"]
[Round "2"]
[White "Bjerre, Tavs"]
[Black "Hoi, Carsten"]
[Result "0-1"]
[WhiteElo "2059"]
[BlackElo "2383"]
[PlyCount "68"]
[EventDate "2015.07.25"]
[EventType "swiss"]
[EventRounds "10"]
[EventCountry "DEN"]
[Source "ChessBase"]
[SourceDate "2015.09.14"]

1. d4 d5 2. c4 dxc4 3. Nf3 Nf6 4. e3 Bg4 5. Bxc4 e6 6. O-O a6 7. Qe2 Nc6 8. Rd1
Bd6 9. Nc3 Qe7 10. a3 e5 11. Nd5 Nxd5 12. Bxd5 e4 13. Qc2 f5 14. Bxc6+ bxc6 15.
Qxc6+ Kf7 16. Qd5+ Kg6 17. h3 Rad8 18. Kf1 Bh5 19. g4 fxg4 20. Ne5+ Bxe5 21.
Qxe4+ Kh6 22. hxg4 Qh4 23. g5+ Qxg5 24. Qh1 Kg6 25. Rd2 Bd6 26. f4 Qb5+ 27. Kg1
Bg4 28. e4 h5 29. f5+ Kf7 30. Rc2 Qd3 31. Rc3 Qd1+ 32. Kg2 Qe2+ 33. Kg1 Qe1+
34. Kg2 Qxe4+ 0-1

[Event "37. Copenhagen Open (Politiken Cup)"]
[Site "Elsinore"]
[Date "2015.07.26"]
[Round "2"]
[White "Bjornes, Leif"]
[Black "Kvisvik, Brede Alexander"]
[Result "0-1"]
[WhiteElo "1867"]
[BlackElo "2304"]
[PlyCount "84"]
[EventDate "2015.07.25"]
[EventType "swiss"]
[EventRounds "10"]
[EventCountry "DEN"]
[Source "ChessBase"]
[SourceDate "2015.09.14"]

1. d4 f5 2. Nf3 Nf6 3. Bg5 e6 4. Nbd2 Be7 5. Bxf6 Bxf6 6. e4 d5 7. e5 Be7 8.
Bd3 O-O 9. Qe2 c5 10. c3 Nc6 11. dxc5 Bxc5 12. Nb3 Be7 13. O-O-O Bd7 14. Rhg1
Rc8 15. Kb1 a5 16. g4 f4 17. g5 a4 18. Nbd4 a3 19. b3 Nxd4 20. cxd4 Be8 21. g6
h6 22. Rc1 Bc6 23. Rg4 Qa5 24. Rgg1 Bb4 25. Ng5 hxg5 26. Qh5 Rfe8 27. Rxg5 Kf8
28. Qh7 Ke7 29. Qxg7+ Kd8 30. Qf6+ Be7 31. Qxf4 Bxg5 32. Qxg5+ Kc7 33. g7 Kb8
34. Bh7 Bb5 35. h4 Qb4 36. Qe3 Ka7 37. h5 Bc4 38. Bc2 Rc7 39. h6 Rec8 40. Qg3
Be2 41. Qe3 Rxc2 42. Rxc2 Bd3 0-1

[Event "37. Copenhagen Open (Politiken Cup)"]
[Site "Elsinore"]
[Date "2015.07.26"]
[Round "2"]
[White "Borg, Flemming"]
[Black "Bredeli, Havard Iversen"]
[Result "0-1"]
[WhiteElo "1800"]
[BlackElo "1346"]
[PlyCount "52"]
[EventDate "2015.07.25"]
[EventType "swiss"]
[EventRounds "10"]
[EventCountry "DEN"]
[Source "ChessBase"]
[SourceDate "2015.09.14"]

1. e4 e6 2. f4 d5 3. e5 c5 4. d3 Nc6 5. c3 Nge7 6. g3 Ng6 7. Bg2 Be7 8. Nf3 f6
9. exf6 Bxf6 10. O-O O-O 11. d4 cxd4 12. cxd4 Qb6 13. Nc3 Nxd4 14. Kh1 Nf5 15.
Qd3 Bd7 16. Rb1 d4 17. Ne4 Bb5 18. Nxf6+ Rxf6 19. Qe4 Bxf1 20. Bxf1 Nge7 21. g4
Ne3 22. Bd3 Rh6 23. g5 Rh5 24. Nxd4 Ng4 25. Qxe6+ Qxe6 26. Nxe6 Nf2+ 0-1